<?xml version="1.0" encoding="UTF-8"?>
<record
    xmlns:xsi="http://www.w3.org/2001/XMLSchema-instance"
    xsi:schemaLocation="http://www.loc.gov/MARC21/slim http://www.loc.gov/standards/marcxml/schema/MARC21slim.xsd"
    xmlns="http://www.loc.gov/MARC21/slim">

  <leader>01821cam a22003251  4500</leader>
  <controlfield tag="001">gs 25000221 </controlfield>
  <controlfield tag="003">DLC</controlfield>
  <controlfield tag="005">20260227111329.0</controlfield>
  <controlfield tag="008">780214m19259999ua bf    b    000 0 eng c</controlfield>
  <datafield tag="010" ind1=" " ind2=" ">
    <subfield code="a">gs 25000221 </subfield>
  </datafield>
  <datafield tag="035" ind1=" " ind2=" ">
    <subfield code="a">(OCoLC)3638525</subfield>
  </datafield>
  <datafield tag="040" ind1=" " ind2=" ">
    <subfield code="a">U. S. Geol. Survey. Library.</subfield>
    <subfield code="c">CCC</subfield>
    <subfield code="d">OCoLC</subfield>
    <subfield code="d">DLC</subfield>
  </datafield>
  <datafield tag="042" ind1=" " ind2=" ">
    <subfield code="a">premarc</subfield>
  </datafield>
  <datafield tag="050" ind1="0" ind2="0">
    <subfield code="a">QE328</subfield>
    <subfield code="b">.H78</subfield>
  </datafield>
  <datafield tag="082" ind1=" " ind2=" ">
    <subfield code="a">556.2</subfield>
  </datafield>
  <datafield tag="100" ind1="1" ind2=" ">
    <subfield code="a">Hume, W. F.</subfield>
    <subfield code="q">(William Fraser),</subfield>
    <subfield code="d">1867-1949.</subfield>
  </datafield>
  <datafield tag="245" ind1="1" ind2="0">
    <subfield code="a">Geology of Egypt ...</subfield>
    <subfield code="c">by W. F. Hume; with preface by Col. H. G. Lyons; and a bibliography.</subfield>
  </datafield>
  <datafield tag="260" ind1=" " ind2=" ">
    <subfield code="a">Cairo,</subfield>
    <subfield code="b">Government Press,</subfield>
    <subfield code="c">1925-</subfield>
  </datafield>
  <datafield tag="300" ind1=" " ind2=" ">
    <subfield code="a">v.</subfield>
    <subfield code="b">plates (part fold.; incl. maps, diagrs.) tables (part fold.)</subfield>
    <subfield code="c">27 cm.</subfield>
  </datafield>
  <datafield tag="500" ind1=" " ind2=" ">
    <subfield code="a">At head of title: Ministry of finance, Egypt.  Survey of Egypt.</subfield>
  </datafield>
  <datafield tag="500" ind1=" " ind2=" ">
    <subfield code="a">Folded maps in pocket.</subfield>
  </datafield>
  <datafield tag="505" ind1="0" ind2=" ">
    <subfield code="a">I. The surface features of Egypt, their determining causes and relation to geological structure.--II. The fundamental Pre-Cambrian rocks of Egypt and the Sudan; their distribution age and character.--pt. 1. The metamorphic rocks, with preface by H. H. Thomas.--pt. 2. The later plutonic and minor intrusive rocks, with a special chapter dealing with dynamical geology (cataract structure and contact metamorphism) and the age of the Pre-Cambrian rocks in Egypt.--pt. 3. The minerals of economic value associated with the intrusive Pre-Cambrian igneous rocks and ancient sediments and methods suggested for the dating of historical and geological times. Written in collaboration with R. H. Greaves.</subfield>
  </datafield>
  <datafield tag="504" ind1=" " ind2=" ">
    <subfield code="a">Bibliography: v. 1, p. 221-288.</subfield>
  </datafield>
  <datafield tag="650" ind1=" " ind2="0">
    <subfield code="a">Geology</subfield>
    <subfield code="z">Egypt.</subfield>
  </datafield>
  <datafield tag="650" ind1=" " ind2="0">
    <subfield code="a">Geology</subfield>
    <subfield code="z">Egypt</subfield>
    <subfield code="v">Bibliography.</subfield>
  </datafield>
  <datafield tag="650" ind1=" " ind2="0">
    <subfield code="a">Petrology</subfield>
    <subfield code="z">Egypt.</subfield>
  </datafield>
  <datafield tag="700" ind1="1" ind2=" ">
    <subfield code="a">Lyons, H. G.</subfield>
    <subfield code="q">(Henry George),</subfield>
    <subfield code="d">1864-1944.</subfield>
  </datafield>
  <datafield tag="710" ind1="1" ind2=" ">
    <subfield code="a">Egypt.</subfield>
    <subfield code="b">Ma&#x1E63;la&#x1E25;at al-Mis&#x101;&#x1E25;ah.</subfield>
  </datafield>
  <datafield tag="700" ind1="1" ind2=" ">
    <subfield code="a">Greaves, Richard Henry.</subfield>
  </datafield>
  <datafield tag="999" ind1=" " ind2=" ">
    <subfield code="c">26390</subfield>
    <subfield code="d">26390</subfield>
  </datafield>
</record>
